Hydraulický a konštrukčný návrh kalového čepadla
Na minha lista:
| Autor principal: | |
|---|---|
| Outros Autores: | |
| Formato: | Manuscrito Livro |
| Idioma: | eslovaco |
| Publicado em: |
2015
|
| Assuntos: | |
| Acesso em linha: | http://is.stuba.sk/zp/portal_zp.pl?podrobnosti=99318 |
| Tags: |
Sem tags, seja o primeiro a adicionar uma tag!
|
MARC
| LEADER | 00000ntm a22000003a 4500 | ||
|---|---|---|---|
| 001 | stuzp53078 | ||
| 003 | SK-STU | ||
| 005 | 20160719154355.4 | ||
| 007 | ta | ||
| 008 | 150427s2015----xo-----f-mn---000-0-slo-d | ||
| 040 | |a STU |b slo | ||
| 041 | 0 | |a slo | |
| 100 | 1 | |a Kurilla, Matej |u 020040 |4 aut |U SjF Strojnícka fakulta |T SjF Ústav chemických a hydraulických strojov a zariadení |X 55162 |U J0040 |Y 807 |7 55162 | |
| 242 | 0 | 1 | |a Hydraulic and construction design of screw centrifugal pump |y eng |
| 245 | 1 | 0 | |a Hydraulický a konštrukčný návrh kalového čepadla |
| 260 | |c 2015 | ||
| 650 | 4 | |a obežné koleso |2 slo | |
| 650 | 4 | |a prietok |2 slo | |
| 650 | 4 | |a špecifická energia |2 slo | |
| 650 | 4 | |a účinnosť |2 slo | |
| 650 | 4 | |a capacity |2 eng | |
| 650 | 4 | |a impeller |2 eng | |
| 650 | 4 | |a specific energy |2 eng | |
| 650 | 4 | |a effectiveness |2 eng | |
| 700 | 1 | |a Knížat, Branislav |4 ths |X 2371 |7 A000002371 | |
| 856 | 4 | |u http://is.stuba.sk/zp/portal_zp.pl?podrobnosti=99318 | |
| 996 | |b 284J043880 |c J* 2170/BP |l JJSK |s A |a 24 |w stuzp53078_0001 | ||
| SQL | |a stuzp53078 |b DBP |c SLO |d Hydraulický a konštrukčný návrh kalového čepadla |e 55162 |f Kurilla, Matej |g 020040 |h 2371 |i Knížat, Branislav |j 20150616 |k 44 |l 02 |m http://is.stuba.sk/zp/portal_zp.pl?podrobnosti=99318 |n B-ESTR |o 5.2.29. energetika | ||